[Event "Oberliga Nord N 2324"]
[White "De Voogt, Juergen"]
[Black "Ostrovskiy, Andrey"]
[Site "Germany"]
[Round "9.1"]
[Result "1/2-1/2"]
[Date "2024.04.28"]
[WhiteElo "2249"]
[BlackElo "2419"]
[PlyCount "117"]
[EventDate "2023.10.22"]
[EventType "team-tourn"]
[EventRounds "9"]
[EventCountry "GER"]
[SourceTitle "EXT 2025"]
[Source "ChessBase"]
[SourceDate "2024.10.14"]
[SourceVersion "1"]
[SourceVersionDate "2024.10.14"]
[SourceQuality "1"]
[WhiteTeam "Fischbek"]
[BlackTeam "Norderstedt"]
[WhiteTeamCountry "GER"]
[BlackTeamCountry "GER"]

1. d4 Nf6 2. Nf3 e6 3. Bf4 d5 4. e3 c5 5. c3 Nc6 6. Nbd2 Be7 7. Bd3 Nh5 8. Be5 f6 9. Bg3 g6 10. Qc2 Bd7 11. dxc5 Bxc5 12. e4 0-0 13. Nb3 Bb6 14. Bd6 Rf7 15. g4 Ng7 16. h4 e5 17. exd5 Bxg4 18. Nh2 Bh5 19. dxc6 Qxd6 20. cxb7 Rd8 21. f3 Rxb7 22. 0-0-0 Qe7 23. Be4 Rbd7 24. c4 Ne6 25. Rxd7 Rxd7 26. Rd1 Nd4 27. Nxd4 Bxd4 28. Nf1 f5 29. Bd5+ Kf8 30. Ng3 Qxh4 31. Nxh5 Qxh5 32. Qa4 Qg5+ 33. Kc2 Qe7 34. a3 Kg7 35. b4 Qe8 36. Qc6 Rd6 37. Qb7+ Qd7 38. Kb3 Qxb7 39. Bxb7 Rb6 40. Bd5 g5 41. Rc1 Rd6 42. Bb7 Rd7 43. Bc8 Rf7 44. c5 e4 45. fxe4 fxe4 46. Rc4 Bf2 47. Rxe4 h5 48. Kc4 g4 49. Bxg4 hxg4 50. Rxg4+ Kf8 51. Re4 Bg3 52. a4 Rf6 53. Kd5 Kf7 54. b5 Bf2 55. Re5 Bg3 56. Rg5 Be1 57. Rh5 Kg6 58. Re5 Bb4 59. b6 1/2-1/2

[Event "Oberliga Nord N 2324"]
[White "Pajeken, Wolfgang"]
[Black "Ostrovskiy, Andrey"]
[Site "Germany"]
[Round "8.2"]
[Result "0-1"]
[Date "2024.04.14"]
[WhiteElo "2259"]
[BlackElo "2419"]
[PlyCount "96"]
[EventDate "2023.10.22"]
[EventType "team-tourn"]
[EventRounds "9"]
[EventCountry "GER"]
[SourceTitle "EXT 2025"]
[Source "ChessBase"]
[SourceDate "2024.10.14"]
[SourceVersion "1"]
[SourceVersionDate "2024.10.14"]
[SourceQuality "1"]
[WhiteTeam "Kiel Turm III"]
[BlackTeam "Norderstedt"]
[WhiteTeamCountry "GER"]
[BlackTeamCountry "GER"]

1. d4 Nf6 2. c4 e6 3. Nc3 Bb4 4. Nf3 b6 5. Bg5 h6 6. Bh4 Bb7 7. e3 g5 8. Bg3 Ne4 9. Qc2 Bxc3+ 10. bxc3 d6 11. Bd3 f5 12. 0-0 Nd7 13. d5 Qf6 14. Bxe4 fxe4 15. Qxe4 Nc5 16. Qd4 0-0 17. e4 exd5 18. exd5 Ba6 19. Rfe1 Qxd4 20. cxd4 Nd3 21. Re7 Rf7 22. Rxf7 Kxf7 23. Nd2 Re8 24. Kf1 Nb4 25. Rc1 Nxd5 26. a3 Ne7 27. f3 Nf5 28. Bf2 d5 29. g4 Nd6 30. Re1 dxc4 31. Ne4 c3+ 32. Kg2 c2 33. Rc1 Bd3 34. Nc3 Nc4 35. Nd5 Nd2 36. Nb4 Bg6 37. Na2 Nb3 38. Rh1 Re2 39. Nc1 Nxc1 40. Rxc1 Ke6 41. h4 gxh4 42. f4 Be4+ 43. Kf1 Bd3 44. f5+ Kf7 45. Kg2 h3+ 46. Kf3 h2 47. Be3 Rxe3+ 48. Kxe3 Bc4 0-1

[Event "Karlsruhe Grenke op"]
[White "Weihrauch, Jakob"]
[Black "Ostrovskiy, Andrey"]
[Site "Karlsruhe"]
[Round "9"]
[Result "1/2-1/2"]
[Date "2024.04.01"]
[WhiteElo "2248"]
[BlackElo "2420"]
[PlyCount "33"]
[EventDate "2024.03.28"]
[EventType "swiss"]
[EventRounds "9"]
[EventCountry "GER"]
[SourceTitle "EXT 2025"]
[Source "ChessBase"]
[SourceDate "2024.10.14"]
[SourceVersion "1"]
[SourceVersionDate "2024.10.14"]
[SourceQuality "1"]

1. e4 e5 2. Nf3 Nc6 3. Bb5 a6 4. Ba4 Nf6 5. 0-0 Be7 6. Re1 b5 7. Bb3 d6 8. c3 0-0 9. h3 h6 10. d4 Re8 11. Nbd2 Bf8 12. Bc2 Bd7 13. Nf1 a5 14. d5 Ne7 15. a4 bxa4 16. Bxa4 c6 17. dxc6 1/2-1/2

[Event "BL2-Nord 2223"]
[White "Ostrovskiy, Andrey"]
[Black "Souleidis, Georgios"]
[Site "Germany"]
[Round "2.1"]
[Result "1/2-1/2"]
[Date "2022.10.23"]
[WhiteElo "2418"]
[BlackElo "2410"]
[PlyCount "92"]
[EventDate "2022.10.22"]
[EventType "team-tourn"]
[EventRounds "10"]
[EventCountry "GER"]
[SourceTitle "EXT 2024"]
[Source "ChessBase"]
[SourceDate "2023.10.10"]
[SourceVersion "1"]
[SourceVersionDate "2023.10.10"]
[SourceQuality "1"]
[WhiteTeam "Norderstedt"]
[BlackTeam "Hamburger SK II"]
[WhiteTeamCountry "GER"]
[BlackTeamCountry "GER"]

1. e4 c5 2. Nf3 e6 3. d4 cxd4 4. Nxd4 Nf6 5. Nc3 Nc6 6. f4 Bb4 7. Nxc6 bxc6 8. Bd3 d5 9. e5 Nd7 10. 0-0 0-0 11. Na4 Nb6 12. c3 Be7 13. Be3 Nxa4 14. Qxa4 c5 15. Rad1 Bd7 16. Qc2 g6 17. Qf2 Qc7 18. h4 Rab8 19. h5 Bb5 20. Bxb5 Rxb5 21. b3 a5 22. c4 dxc4 23. bxc4 Rb4 24. Qc2 Rfb8 25. Rf2 Qc6 26. Rfd2 Rb2 27. Qxb2 Rxb2 28. Rxb2 gxh5 29. f5 exf5 30. Rd5 f4 31. Bxf4 Qg6 32. Rb3 h4 33. Kh2 h5 34. Rf3 a4 35. Rd7 Bf8 36. Ra7 Bg7 37. Rxa4 Qe4 38. Ra7 Qxc4 39. a3 Qe4 40. Re7 c4 41. Rc7 Bxe5 42. Rc8+ Kh7 43. Bxe5 Qxe5+ 44. Kh1 Qe1+ 45. Kh2 Qe5+ 46. Kh1 Qe1+ 1/2-1/2

[Event "BL2-Nord 2122"]
[White "Krause, Benedict"]
[Black "Ostrovskiy, Andrey"]
[Site "Germany"]
[Round "9.2"]
[Result "1/2-1/2"]
[Date "2022.07.02"]
[WhiteElo "2420"]
[BlackElo "2417"]
[PlyCount "55"]
[EventDate "2022.03.05"]
[EventType "team-tourn"]
[EventRounds "10"]
[EventCountry "GER"]
[SourceTitle "EXT 2023"]
[Source "ChessBase"]
[SourceDate "2022.10.05"]
[SourceVersion "1"]
[SourceVersionDate "2022.10.05"]
[SourceQuality "1"]
[WhiteTeam "St Pauli"]
[BlackTeam "Norderstedt"]
[WhiteTeamCountry "GER"]
[BlackTeamCountry "GER"]

1. e4 e5 2. Nf3 Nc6 3. Bc4 Bc5 4. 0-0 Nf6 5. d3 d6 6. c3 a6 7. Bb3 h6 8. Nbd2 0-0 9. h3 Be6 10. Re1 Re8 11. Bxe6 Rxe6 12. b4 Ba7 13. Qc2 Qd7 14. Nf1 Rd8 15. a4 Ne7 16. Be3 Bxe3 17. Nxe3 Ng6 18. Rad1 Ree8 19. Nf5 d5 20. c4 d4 21. g3 Nf8 22. a5 Kh7 23. Qd2 Ng8 24. Kg2 g6 25. N5h4 Qe7 26. Rb1 Nd7 27. Nh2 Kg7 28. Rf1 1/2-1/2

[Event "Titled Tuesday intern op 01st Feb-A"]
[White "Bryakin, Mikhail"]
[Black "Ostrovskiy, Andrey"]
[Site "Chess.com INT"]
[Round "10"]
[Result "0-1"]
[Date "2022.02.01"]
[WhiteElo "2480"]
[BlackElo "2425"]
[PlyCount "60"]
[EventDate "2022.02.01"]
[EventType "swiss (blitz)"]
[EventRounds "11"]
[EventCountry "USA"]
[SourceTitle "CBM 206 Extra"]
[Source "ChessBase"]
[SourceDate "2022.03.31"]
[SourceVersion "1"]
[SourceVersionDate "2022.03.31"]
[SourceQuality "1"]

1. d4 Nf6 2. Nd2 d5 3. g3 e6 4. Bg2 Be7 5. e4 0-0 6. Ne2 c5 7. exd5 exd5 8. dxc5 Bxc5 9. 0-0 Nc6 10. Nb3 Bb6 11. Bg5 h6 12. Bxf6 Qxf6 13. c3 Bg4 14. Qd2 Rfe8 15. Ned4 Nxd4 16. Nxd4 Bxd4 17. Qxd4 Qxd4 18. cxd4 Re2 19. b3 b6 20. h3 Be6 21. Rfe1 Rd2 22. Red1 Rxd1+ 23. Rxd1 Rc8 24. Rd2 Rc1+ 25. Kh2 Kf8 26. h4 Ke7 27. Bf3 Kd6 28. h5 Bf5 29. g4 Be4 30. Kg3 Rc3 0-1

[Event "Titled Tuesday intern op 01st Feb-A"]
[White "Ostrovskiy, Andrey"]
[Black "Peterson, Eric"]
[Site "Chess.com INT"]
[Round "8"]
[Result "1-0"]
[Date "2022.02.01"]
[WhiteElo "2425"]
[BlackElo "2157"]
[PlyCount "73"]
[EventDate "2022.02.01"]
[EventType "swiss (blitz)"]
[EventRounds "11"]
[EventCountry "USA"]
[SourceTitle "CBM 206 Extra"]
[Source "ChessBase"]
[SourceDate "2022.03.31"]
[SourceVersion "1"]
[SourceVersionDate "2022.03.31"]
[SourceQuality "1"]

1. e4 e6 2. d4 d5 3. Nc3 Bb4 4. e5 c5 5. a3 Ba5 6. b4 cxd4 7. Nb5 Bc7 8. f4 Bd7 9. Nf3 Bxb5 10. Bxb5+ Nc6 11. 0-0 Nge7 12. Bb2 0-0 13. Bd3 h6 14. Kh1 Bb6 15. Qe2 Nf5 16. g4 Ne3 17. Rg1 f6 18. b5 fxe5 19. bxc6 e4 20. Nxd4 exd3 21. Qxe3 bxc6 22. Qxe6+ Kh8 23. Nf5 d4 24. cxd3 Rf6 25. Qe4 Qf8 26. Bxd4 Bxd4 27. Qxd4 Rd8 28. Qe5 Rd5 29. Qe3 Qd8 30. Rge1 Rxd3 31. Qe8+ Kh7 32. Qxd8 Rxd8 33. Re7 Rg6 34. h3 Rd3 35. Kh2 Rd2+ 36. Kg3 Rd3+ 37. Kh4 1-0

[Event "Titled Tuesday intern op 09th Nov"]
[White "Florescu, Codrut Constantin"]
[Black "Ostrovskiy, Andrey"]
[Site "Chess.com INT"]
[Round "8"]
[Result "0-1"]
[Date "2021.11.09"]
[WhiteElo "2286"]
[BlackElo "2425"]
[PlyCount "78"]
[EventDate "2021.11.09"]
[EventType "swiss (blitz)"]
[EventRounds "11"]
[EventCountry "USA"]
[SourceTitle "CBM 205 Extra"]
[Source "ChessBase"]
[SourceDate "2022.01.31"]
[SourceVersion "1"]
[SourceVersionDate "2022.01.31"]
[SourceQuality "1"]

1. d4 Nf6 2. c4 e6 3. Nf3 b6 4. g3 c6 5. Bg2 Be7 6. 0-0 0-0 7. Nc3 d5 8. Nd2 Ba6 9. e4 Nbd7 10. e5 Ne8 11. Re1 Nc7 12. cxd5 exd5 13. f4 Ne6 14. Nf3 f5 15. exf6 Rxf6 16. Bh3 Ndf8 17. Ne5 Nxd4 18. Be3 Nf5 19. Nxc6 Nxe3 20. Qa4 Rxc6 21. Qxc6 Nc2 22. Nxd5 Bc5+ 23. Kg2 Nxe1+ 24. Rxe1 Bc4 25. Re5 Bd6 26. Qxc4 Kh8 27. Re2 b5 28. Qe4 a5 29. Rc2 a4 30. Bg4 a3 31. b3 Ra7 32. Be2 Ra8 33. Bd3 Rc8 34. Re2 Qd7 35. h4 Qc6 36. Kh3 Qd7+ 37. Kg2 Qb7 38. Kh3 b4 39. Bc4 Qd7+ 0-1

[Event "Titled Tuesday intern op 09th Nov"]
[White "Rodchenkov, Vitaly"]
[Black "Ostrovskiy, Andrey"]
[Site "Chess.com INT"]
[Round "3"]
[Result "0-1"]
[Date "2021.11.09"]
[WhiteElo "2330"]
[BlackElo "2425"]
[PlyCount "50"]
[EventDate "2021.11.09"]
[EventType "swiss (blitz)"]
[EventRounds "11"]
[EventCountry "USA"]
[SourceTitle "CBM 205 Extra"]
[Source "ChessBase"]
[SourceDate "2022.01.31"]
[SourceVersion "1"]
[SourceVersionDate "2022.01.31"]
[SourceQuality "1"]

1. Nf3 Nf6 2. c4 e6 3. b3 b6 4. Bb2 Bb7 5. e3 Be7 6. Nc3 0-0 7. d4 d5 8. Bd3 c5 9. 0-0 Nbd7 10. Qe2 cxd4 11. exd4 a6 12. Rad1 Bd6 13. Rfe1 Re8 14. Ne5 Nf8 15. f4 Ng6 16. Qf2 Rc8 17. f5 Nxe5 18. dxe5 Bc5 19. exf6 Bxf2+ 20. Kxf2 Qxf6 21. Kg1 Qg5 22. cxd5 exd5 23. Ne2 d4 24. Ng3 Rxe1+ 25. Rxe1 Qd2 0-1

[Event "Oberliga Nord N 1920"]
[White "Dyrgaard, Kristoffer"]
[Black "Ostrovskiy, Andrey"]
[Site "Germany"]
[Round "5.2"]
[Result "0-1"]
[Date "2020.01.19"]
[WhiteElo "2306"]
[BlackElo "2423"]
[PlyCount "122"]
[EventDate "2019.09.29"]
[EventType "team-tourn"]
[EventRounds "9"]
[EventCountry "GER"]
[SourceTitle "CBM 195 Extra"]
[Source "ChessBase"]
[SourceDate "2020.05.31"]
[SourceVersion "1"]
[SourceVersionDate "2020.05.31"]
[SourceQuality "1"]

1. e4 e5 2. Nf3 Nc6 3. Bb5 a6 4. Ba4 Nf6 5. 0-0 Be7 6. d3 b5 7. Bb3 d6 8. c3 0-0 9. Nbd2 h6 10. Re1 Re8 11. Nf1 Bf8 12. h3 Bd7 13. Ng3 Na5 14. Bc2 c5 15. d4 Nc6 16. d5 Ne7 17. a4 Ng6 18. b3 Nf4 19. Bxf4 exf4 20. Nf1 Qc7 21. axb5 Bxb5 22. c4 Bd7 23. Qd2 g5 24. Qa5 Qb8 25. N1d2 Bg7 26. Rab1 Nh7 27. e5 dxe5 28. b4 cxb4 29. Rxb4 Qd8 30. Qxd8 Raxd8 31. c5 Nf6 32. d6 Rc8 33. Rxe5 Rxe5 34. Nxe5 Rxc5 35. Nxd7 Nxd7 36. Rc4 Bc3 37. Rxc5 Nxc5 38. Nb3 Nb7 39. d7 Nd8 40. Nc5 a5 41. Be4 Kf8 42. Nb7 Ke7 43. Nxd8 Kxd8 44. Bc6 Kc7 45. Kf1 Bf6 46. Ba4 Kd6 47. Ke2 Bd8 48. Kd3 Kc5 49. Bb3 f6 50. f3 Kb4 51. Bf7 a4 52. Kd4 Bb6+ 53. Kd3 a3 54. Ba2 Kc5 55. Ke4 Kd6 56. Kf5 Bd8 57. Kg6 Kxd7 58. Kxh6 Kd6 59. Kh5 Kc5 60. h4 gxh4 61. Kxh4 Bc7 0-1

[Event "BL2-Nord 1819"]
[White "Ostrovskiy, Andrey"]
[Black "Ivanisevic, Ivan"]
[Site "Germany"]
[Round "6.3"]
[Result "0-1"]
[Date "2019.02.03"]
[WhiteElo "2424"]
[BlackElo "2604"]
[PlyCount "92"]
[EventDate "2018.11.10"]
[EventType "team-tourn"]
[EventRounds "10"]
[EventCountry "GER"]
[SourceTitle "CBM 190 Extra"]
[Source "ChessBase"]
[SourceDate "2019.07.15"]
[SourceVersion "1"]
[SourceVersionDate "2019.07.15"]
[SourceQuality "1"]
[WhiteTeam "Norderstedt"]
[BlackTeam "Lingen"]
[WhiteTeamCountry "GER"]
[BlackTeamCountry "GER"]

1. e4 c5 2. Nf3 Nc6 3. d4 cxd4 4. Nxd4 Qb6 5. Nb3 Nf6 6. Nc3 e6 7. Bd3 Be7 8. 0-0 Ne5 9. Kh1 d6 10. Be3 Qc7 11. f4 Nxd3 12. cxd3 0-0 13. Rc1 Qd7 14. Nd4 b6 15. Ncb5 Ne8 16. Nc6 Bb7 17. Nbxa7 f5 18. Qb3 fxe4 19. dxe4 Nf6 20. Qxb6 Ng4 21. Bg1 Bh4 22. Qb3 Qf7 23. Qh3 Qh5 24. g3 g5 25. gxh4 gxf4 26. Qf3 Qxh4 27. h3 Nf6 28. Bf2 Qh6 29. Kh2 Kh8 30. Rg1 e5 31. a4 d5 32. Bc5 dxe4 33. Bxf8 Rxf8 34. Qc3 f3 35. Qxe5 f2 36. Rgf1 e3 37. Rc2 Re8 38. Qd4 e2 39. Rxe2 Rxe2 40. Qd8+ Re8 41. Qd4 Re3 42. Qd8+ Kg7 43. Qc7+ Kg6 44. Ne7+ Rxe7 45. Qg3+ Qg5 46. Qxg5+ Kxg5 0-1

[Event "BL2-Nord 1819"]
[White "Ostrovskiy, Andrey"]
[Black "Colpe, Malte"]
[Site "Germany"]
[Round "2.3"]
[Result "1/2-1/2"]
[Date "2018.11.11"]
[WhiteElo "2424"]
[BlackElo "2374"]
[PlyCount "94"]
[EventDate "2018.11.10"]
[EventType "team-tourn"]
[EventRounds "10"]
[EventCountry "GER"]
[SourceTitle "CBM 190 Extra"]
[Source "ChessBase"]
[SourceDate "2019.07.15"]
[SourceVersion "1"]
[SourceVersionDate "2019.07.15"]
[SourceQuality "1"]
[WhiteTeam "Norderstedt"]
[BlackTeam "Hamburger SK II"]
[WhiteTeamCountry "GER"]
[BlackTeamCountry "GER"]

1. e4 e5 2. Nf3 Nc6 3. Bb5 a6 4. Ba4 Nf6 5. d3 d6 6. c3 g6 7. Nbd2 Bg7 8. 0-0 0-0 9. Re1 Re8 10. Nf1 b5 11. Bb3 h6 12. Ng3 Na5 13. Bc2 c5 14. Be3 Bb7 15. h3 Qe7 16. Qd2 Qf8 17. b4 Nc6 18. a3 a5 19. Bb3 Kh7 20. Rab1 axb4 21. axb4 Rad8 22. h4 Bc8 23. h5 Bg4 24. hxg6+ fxg6 25. Nh2 cxb4 26. cxb4 Be6 27. Rec1 Bxb3 28. Rxb3 Rc8 29. Rbc3 Nd4 30. Bxd4 exd4 31. Rxc8 Rxc8 32. Ne2 Rxc1+ 33. Nxc1 Qa8 34. Ne2 Qa1+ 35. Qc1 Qa4 36. Nxd4 Nxe4 37. dxe4 Bxd4 38. Qc7+ Kh8 39. Qd8+ Kh7 40. Qd7+ Kh8 41. Ng4 h5 42. Qe8+ Kh7 43. Qf7+ Bg7 44. Nf6+ Kh6 45. Ng8+ Kh7 46. Nf6+ Kh6 47. Ng8+ Kh7 1/2-1/2

[Event "Warsaw Najdorf Memorial op-A 16th"]
[White "Oglaza, Oskar"]
[Black "Ostrovskiy, Andrey"]
[Site "Warsaw"]
[Round "9"]
[Result "1-0"]
[Date "2018.07.16"]
[WhiteElo "2344"]
[BlackElo "2431"]
[PlyCount "73"]
[EventDate "2018.07.08"]
[EventType "swiss"]
[EventRounds "9"]
[EventCountry "POL"]
[SourceTitle "CBM 185 Extra"]
[Source "ChessBase"]
[SourceDate "2018.07.29"]
[SourceVersion "1"]
[SourceVersionDate "2018.07.29"]
[SourceQuality "1"]

1. e4 e5 2. Nf3 Nc6 3. d4 exd4 4. Nxd4 Nf6 5. Nxc6 bxc6 6. Qe2 a5 7. e5 Nd5 8. c4 Nb6 9. Nc3 Bb4 10. Qg4 Kf8 11. Qg3 Ba6 12. a3 Be7 13. Qf4 d5 14. exd6 Bxd6 15. Qf3 Qe8+ 16. Be3 Nxc4 17. Bxc4 Bxc4 18. 0-0-0 Qd7 19. Bc5 Be6 20. Rd4 Bd5 21. Bxd6+ Qxd6 22. Nxd5 cxd5 23. Rxd5 Qh6+ 24. Kb1 Rb8 25. Rhd1 Qe6 26. Rd8+ Ke7 27. R1d7+ Qxd7 28. Rxd7+ Kxd7 29. Qxf7+ Kc6 30. Qxg7 Rhd8 31. Qxh7 Rb5 32. Qe4+ Kb6 33. g4 Rc5 34. g5 Rd1+ 35. Ka2 Rcc1 36. g6 c5 37. g7 1-0

[Event "Warsaw Najdorf Memorial op-A 16th"]
[White "Ostrovskiy, Andrey"]
[Black "Markowski, Tomasz"]
[Site "Warsaw"]
[Round "8"]
[Result "0-1"]
[Date "2018.07.15"]
[WhiteElo "2431"]
[BlackElo "2561"]
[PlyCount "138"]
[EventDate "2018.07.08"]
[EventType "swiss"]
[EventRounds "9"]
[EventCountry "POL"]
[SourceTitle "CBM 185 Extra"]
[Source "ChessBase"]
[SourceDate "2018.07.29"]
[SourceVersion "1"]
[SourceVersionDate "2018.07.29"]
[SourceQuality "1"]

1. e4 e6 2. d4 d5 3. Nc3 Bb4 4. e5 c5 5. a3 Bxc3+ 6. bxc3 Ne7 7. a4 Bd7 8. Nf3 Qa5 9. Bd2 h6 10. h4 Qc7 11. Bd3 Nbc6 12. 0-0 0-0 13. Re1 f6 14. exf6 Rxf6 15. Ne5 c4 16. Bf1 Nxe5 17. dxe5 Rf5 18. Qg4 Kh7 19. Be3 Raf8 20. Qg3 Be8 21. a5 a6 22. Bb6 Qc8 23. f3 Ng6 24. Rad1 Ba4 25. Qh2 h5 26. Rd2 Rf4 27. Rd4 Rxd4 28. Bxd4 Bxc2 29. g3 Bf5 30. Qd2 Qd8 31. Bb6 Qe7 32. Qe3 Rc8 33. Be2 Qf7 34. Bd1 Bd3 35. Qg5 Ne7 36. Kh2 Bg6 37. Ba4 Nf5 38. Qd2 Nh6 39. Bd1 Qf5 40. Bd4 Qf7 41. Bb6 Nf5 42. Qf2 Ne7 43. Kg2 Qf5 44. Ba4 Nc6 45. Qe3 Rf8 46. Bxc6 bxc6 47. Rc1 Qf7 48. Bc5 Rb8 49. Bb6 Bd3 50. Re1 Qg6 51. Qc5 Qf7 52. Qe3 Qe7 53. Ra1 Rb7 54. Kf2 Qf8 55. Qg5 Bg6 56. Qe3 Rf7 57. Bc5 Qb8 58. Bb6 Be4 59. f4 Qxe5 60. Rg1 Qf5 61. Ke1 e5 62. fxe5 Qxe5 63. Rf1 Re7 64. Kd2 Qe6 65. Bc5 Rb7 66. Bb6 Qd6 67. Qg5 Bg6 68. Ra1 Rf7 69. Qe3 Qd7 0-1

[Event "Warsaw Najdorf Memorial op-A 16th"]
[White "Ostrovskiy, Andrey"]
[Black "Spitzl, Vinzent"]
[Site "Warsaw"]
[Round "4"]
[Result "1-0"]
[Date "2018.07.11"]
[WhiteElo "2431"]
[BlackElo "2241"]
[PlyCount "55"]
[EventDate "2018.07.08"]
[EventType "swiss"]
[EventRounds "9"]
[EventCountry "POL"]
[SourceTitle "CBM 185 Extra"]
[Source "ChessBase"]
[SourceDate "2018.07.29"]
[SourceVersion "1"]
[SourceVersionDate "2018.07.29"]
[SourceQuality "1"]

1. e4 c6 2. d4 d5 3. exd5 cxd5 4. Bd3 Nc6 5. c3 Nf6 6. Bf4 g6 7. h3 Bf5 8. Bxf5 gxf5 9. Nf3 Bg7 10. Ne5 Nxe5 11. Bxe5 0-0 12. Bxf6 Bxf6 13. Nd2 Qb6 14. Nb3 Qe6+ 15. Qe2 Qxe2+ 16. Kxe2 b6 17. g4 fxg4 18. hxg4 a5 19. a4 Rfb8 20. Rh5 b5 21. Nc5 bxa4 22. Nd3 e6 23. Rxa4 Bg7 24. f4 f6 25. Rh1 e5 26. fxe5 fxe5 27. dxe5 Bxe5 28. Nxe5 1-0

[Event "Warsaw Najdorf Memorial op-A 16th"]
[White "Ostrovskiy, Andrey"]
[Black "Gurvich, Vitaly"]
[Site "Warsaw"]
[Round "2"]
[Result "1-0"]
[Date "2018.07.09"]
[WhiteElo "2431"]
[BlackElo "2274"]
[PlyCount "123"]
[EventDate "2018.07.08"]
[EventType "swiss"]
[EventRounds "9"]
[EventCountry "POL"]
[SourceTitle "CBM 185 Extra"]
[Source "ChessBase"]
[SourceDate "2018.07.29"]
[SourceVersion "1"]
[SourceVersionDate "2018.07.29"]
[SourceQuality "1"]

1. e4 c6 2. Nc3 d5 3. Nf3 dxe4 4. Nxe4 Nf6 5. Nxf6+ exf6 6. Bc4 Qe7+ 7. Be2 Qc7 8. 0-0 Bd6 9. d4 0-0 10. h3 Rd8 11. Bd3 Nd7 12. Re1 Nf8 13. c3 Be6 14. Be3 Ng6 15. Qc2 Qd7 16. Bf1 Bf5 17. Qa4 a6 18. Qd1 Bc7 19. Nd2 Re8 20. a4 Rad8 21. a5 Nf4 22. Bxf4 Rxe1 23. Qxe1 Bxf4 24. b4 Re8 25. Qd1 Bb8 26. Nb3 Qd6 27. g3 Re3 28. Bg2 Rxc3 29. Nc5 Rc4 30. Qe1 Be6 31. Rd1 g6 32. Bf1 Rc2 33. Nxb7 Qd5 34. Nc5 Bd6 35. Bg2 Qa2 36. Bf1 Bd5 37. Bd3 Rb2 38. Ra1 Rxf2 39. Rxa2 Rxa2 40. Qe8+ Kg7 41. Ne4 Bxe4 42. Bxe4 Bxb4 43. Bxc6 Rxa5 44. Qd7 Ra1+ 45. Kg2 Re1 46. g4 Re7 47. Qd8 a5 48. Kf3 Re1 49. Qc7 Re7 50. Qb8 Re6 51. d5 Rd6 52. Qc7 Kf8 53. h4 h6 54. Kg2 g5 55. h5 f5 56. gxf5 Rf6 57. Bd7 Bd6 58. Qd8+ Kg7 59. Be6 Bc5 60. d6 fxe6 61. Qe7+ Rf7 62. f6+ 1-0

[Event "Warsaw Najdorf Memorial op-A 16th"]
[White "Czopor, Maciej"]
[Black "Ostrovskiy, Andrey"]
[Site "Warsaw"]
[Round "1"]
[Result "0-1"]
[Date "2018.07.08"]
[WhiteElo "2217"]
[BlackElo "2431"]
[PlyCount "96"]
[EventDate "2018.07.08"]
[EventType "swiss"]
[EventRounds "9"]
[EventCountry "POL"]
[SourceTitle "CBM 185 Extra"]
[Source "ChessBase"]
[SourceDate "2018.07.29"]
[SourceVersion "1"]
[SourceVersionDate "2018.07.29"]
[SourceQuality "1"]

1. e4 e5 2. Nf3 Nc6 3. Bb5 a6 4. Ba4 Nf6 5. 0-0 Be7 6. Re1 b5 7. Bb3 d6 8. c3 0-0 9. h3 h6 10. d4 Re8 11. Nbd2 Bf8 12. a4 Bd7 13. Bc2 Rb8 14. Nf1 b4 15. d5 Ne7 16. cxb4 c6 17. dxc6 Nxc6 18. b5 axb5 19. axb5 Nb4 20. Bb3 Bxb5 21. Bd2 d5 22. exd5 Nd3 23. Ba5 Qd7 24. Re3 Bc5 25. Rxd3 Bxd3 26. Qxd3 e4 27. Qc3 exf3 28. Ba4 Bxf2+ 29. Kxf2 Ne4+ 30. Kg1 f2+ 31. Kh1 Nxc3 32. Bxd7 Re1 33. Bxc3 Rxa1 34. g3 Rxf1+ 35. Kg2 Rd1 36. Kxf2 Rxd5 37. Bc6 Rxb2+ 38. Bxb2 Rd2+ 39. Kg1 Rxb2 40. h4 g6 41. Bd5 Kg7 42. Be4 f5 43. Bd5 Kf6 44. Bc6 g5 45. hxg5+ Kxg5 46. Bf3 h5 47. Kf1 h4 48. gxh4+ Kxh4 0-1

[Event "Titled Tuesday intern op 5th June"]
[White "Maly, Alexey"]
[Black "Ostrovskiy, Andrey"]
[Site "Chess.com INT"]
[Round "9"]
[Result "1/2-1/2"]
[Date "2018.06.05"]
[WhiteElo "2343"]
[BlackElo "2431"]
[PlyCount "94"]
[EventDate "2018.06.05"]
[EventType "swiss (blitz)"]
[EventRounds "10"]
[EventCountry "USA"]
[SourceTitle "EXT 2021"]
[Source "ChessBase"]
[SourceDate "2020.10.23"]
[SourceVersion "1"]
[SourceVersionDate "2020.10.23"]
[SourceQuality "1"]

1. d4 Nf6 2. c4 e6 3. Nf3 b6 4. g3 c6 5. Bg2 Be7 6. 0-0 0-0 7. b3 d5 8. Bb2 a5 9. Nbd2 Bb7 10. Qc2 Na6 11. a3 c5 12. cxd5 exd5 13. Rac1 Re8 14. e3 Bf8 15. Rfd1 a4 16. bxa4 c4 17. Ne5 Ra7 18. e4 Nc7 19. exd5 Ncxd5 20. Ndxc4 Qa8 21. Qb3 Rxa4 22. Nxb6 Nxb6 23. Qxf7+ Kh8 24. Bxb7 Qb8 25. Rc7 Na8 26. Bxa8 Rxa8 27. Rb7 Qc8 28. Rc1 Qh3 29. Rc2 Rac8 30. Rxc8 Rxc8 31. Qb3 h6 32. Ng6+ Kh7 33. Qd3 Kg8 34. Nxf8 Rxf8 35. Qg6 Nd7 36. d5 Rf7 37. Qe6 Qh5 38. Rxd7 Qd1+ 39. Kg2 Qf3+ 40. Kh3 Qh5+ 41. Kg2 Qf3+ 42. Kh3 Qh5+ 43. Kg2 Qf3+ 44. Kh3 Qh5+ 45. Kg2 Qf3+ 46. Kh3 Qh5+ 47. Kg2 Qf3+ 1/2-1/2

[Event "Titled Tuesday intern op 5th June"]
[White "Zambrano Rodriguez, Alexander"]
[Black "Ostrovskiy, Andrey"]
[Site "Chess.com INT"]
[Round "1"]
[Result "0-1"]
[Date "2018.06.05"]
[WhiteElo "2233"]
[BlackElo "2431"]
[PlyCount "38"]
[EventDate "2018.06.05"]
[EventType "swiss (blitz)"]
[EventRounds "10"]
[EventCountry "USA"]
[SourceTitle "EXT 2021"]
[Source "ChessBase"]
[SourceDate "2020.10.23"]
[SourceVersion "1"]
[SourceVersionDate "2020.10.23"]
[SourceQuality "1"]

1. e4 e5 2. Nf3 Nc6 3. Bb5 a6 4. Ba4 Nf6 5. 0-0 Be7 6. d4 exd4 7. e5 Ne4 8. Re1 Nc5 9. Bxc6 dxc6 10. Nxd4 0-0 11. Nc3 a5 12. Be3 Re8 13. Qf3 Bf8 14. Nf5 Rxe5 15. Ng3 Qh4 16. Bf4 Bg4 17. Bxe5 Bxf3 18. gxf3 Bd6 19. Re4 Nxe4 0-1